00409nam a2200133Ia 4500008004100000041000800041082001200049100001600061245002500077260003300102300002900135999001100164952010000175240624s9999 xx 000 0 und d aeng a382 AGR aAGRAWAL RAJ aINDIAN FOREIGN TRADE c1999aNew DelhibExcel Books av, : 300 : p. : cm. ; 25 c43d43 00104070aIMTNbIMTNcRack 16-Bd2004-10-12o382 AGRp43r2024-06-24 00:00:00w2024-06-24yBK